000 00742nam a22002057a 4500
999 _c13182
_d13182
003 AR-CdUCM
008 190411b ||||| |||| 00| 0 spa d
040 _aMUNICIPALIDAD PROVINCIAL DEL CUSCO
_cBIBLIOTECA MUNICIPAL DEL CUSCO
082 _a241 /
_bL27
110 _aCentros lasalianos
_931415
245 _aSiluetas lasalianas /
260 _aArgentina :
_bSenderos lasalianos,
_c1984.
300 _a66 páginas ;
_c16 cm.
505 _aContenido : La familia cristiana -- El llamamiento divino -- Con el hermano reclutador -- El consentimiento paterno -- La llegada al noviciado menor ...
650 _aLasalianas
_931416
650 _aSociales
_928612
650 _aSociologĂ­a
_9276
942 _2ddc
_cLIBROS
945 _arah
_d11/04/2019